[Event "RUS Cup U09 Girls final"]
[Site "Bryansk"]
[Date "2019.01.06"]
[Round "3"]
[White "Goriachkina, Oksana"]
[Black "Ryzhova, Mariya"]
[Result "1-0"]
[WhiteElo "1121"]
[BlackElo "1074"]
[PlyCount "121"]
[EventDate "2019.01.04"]
[EventType "swiss"]
[EventRounds "7"]
[EventCountry "RUS"]
[SourceTitle "EXT 2021"]
[Source "ChessBase"]
[SourceDate "2020.10.23"]
[SourceVersion "1"]
[SourceVersionDate "2020.10.23"]
[SourceQuality "1"]

1. d4 d5 2. c4 e6 3. Nf3 c6 4. e3 f5 5. Bd3 Nf6 6. 0-0 Bd6 7. b3 0-0 8. Bb2 Ne4 9. Qc2 b6 10. a3 Bb7 11. Nbd2 Qe7 12. Ne5 Bxe5 13. dxe5 Nd7 14. f4 a5 15. Nf3 Ndc5 16. Nd4 Rae8 17. Rac1 Nxd3 18. Qxd3 Qd7 19. Rfd1 h6 20. h3 Qe7 21. b4 axb4 22. axb4 Qh4 23. Qe2 dxc4 24. Rxc4 Ba6 25. b5 Bxb5 26. Nxb5 cxb5 27. Rb4 Rd8 28. Bd4 Rd5 29. Rxb5 Rxb5 30. Qxb5 Qf2+ 31. Kh1 Rd8 32. Qxb6 Ng3+ 33. Kh2 Rf8 34. Qxe6+ Rf7 35. Qc8+ Rf8 36. Qc4+ Rf7 37. e6 Re7 38. Bc5 Re8 39. e7+ Kh7 40. e4 Qxf4 41. Bd6 Nf1+ 42. Kg1 Ne3 43. Qc6 Qg5 44. exf5 Nxd1 45. Qxe8 Qe3+ 46. Kh2 Nc3 47. Qg6+ Kg8 48. e8Q+ Qxe8 49. Qxe8+ Kh7 50. Qg6+ Kg8 51. Be5 Kf8 52. Qxg7+ Ke8 53. Bd6 Nd5 54. f6 Kd8 55. f7 Kd7 56. f8Q+ Kc6 57. Qxh6 Nf6 58. Qc1+ Kd5 59. Qxf6 Ke4 60. Qff4+ Kd5 61. Qcc4# 1-0